صعوبات التعلم : (رقم التسجيلة. 27643)

تفاصيل مارك
000 -الفاتح
حقل البيانات ثابتة الطول 00827nam a22002297a 4500
003 - محدد رقم الضبط
رقم الضبط OSt
005 - وقت وتاريخ اخر تعامل مع التسجيلة
رقم الضبط 20150408114116.0
008 - عناصر البيانات ثابتة الطول - معلومات عامة
حقل البيانات ثابتة الطول 130205s 2012jo ||||fr|||| 00| 0 ara d
020 ## - الرقم الدولى المعيارى للكتب
الرقم الدولى المعيارى للكتاب 9789957065294
040 ## - مصدر الفهرسة
وكالة الفهرسة الأصلية Ma-un
082 ## - رقم تصنيف ديوى العشرى
رقم الطبعة 21
رقم التصنيف 371.926
رقم المادة و ر ص
100 ## - المدخل الرئيسى - إسم شخصى
الإسم الشخصى الوقفي، راضي
9 (RLIN) 20814
245 ## - بيان العنوان
العنوان صعوبات التعلم :
بقية العنوان النظري والتطبيقي /
بيان المسئوليه,etc راضي الوقفي.
250 ## - بيان الطبعة
بيان الطبعة ط. 3
260 ## - PUBLICATION, DISTRIBUTION, ETC. (IMPRINT)
مكان الناشر او الموزع عمان، الأردن :
اسم الناشر او الموزع دار المسيرة،
تاريخ النشر أو التوزيع 2012 1433.
300 ## - الوصف المادى
التعداد 587 ص. :
تفاصيل ماديه اخرى للوعاء إيض. ؛
أبعاد الوعاء 24 سم.
504 ## - تبصرة ببليوجرافية
تبصرة ببليوجرافية,الخ يشتمل على ببليوجرافية.
650 ## - المدخل الاضافى بالموضوع-مصطلح موضوعى
9 (RLIN) 9990
مصطلح موضوعي أو اسم جغرافي كعنصر مدخل صعوبات التعلم
650 ## - المدخل الاضافى بالموضوع-مصطلح موضوعى
9 (RLIN) 12643
مصطلح موضوعي أو اسم جغرافي كعنصر مدخل ذو صعوبات التعلم
التقسيم الفرعي العام تعليم (طفولة مبكرة)
650 ## - المدخل الاضافى بالموضوع-مصطلح موضوعى
9 (RLIN) 12407
مصطلح موضوعي أو اسم جغرافي كعنصر مدخل الفئات الخاصة
التقسيم الفرعي العام تعليم.
942 ## - عناصر المدخل الإضافي( كوها)
مصدر التصنيف او مخطط الترفيف Dewey Decimal Classification
Koha [default] item type كتاب
المقتنيات
حالة الفقد نموذج السعر الفعال حالة تلف ليس للاعارة رقم الطلب رقم النسخة تاريخ الاكتساب الموقع الحالي الباركود الفرع الرئيسي Date last seen نوع المادة فى نظام كوها مصدر التصنيف او خطة الترفيف Total Checkouts Date last checked out
  2013-03-10   Not For Loan 371.926 و ر ص ن 1 2013-02-05 المكتبة المركزية بالمجمعة (CL) 00303498 المكتبة المركزية بالمجمعة (CL) 2013-03-10 كتاب Dewey Decimal Classification    
  2013-03-10     371.926 و ر ص ن 2 2013-02-05 المكتبة المركزية بالمجمعة (CL) 00303499 المكتبة المركزية بالمجمعة (CL) 2013-03-10 كتاب Dewey Decimal Classification    
  2013-03-10     371.926 و ر ص ن 3 2013-02-05 المكتبة المركزية بالمجمعة (CL) 00303500 المكتبة المركزية بالمجمعة (CL) 2014-10-19 كتاب Dewey Decimal Classification 1 2014-09-21